Economic papers 13 special issue

Gespeichert in:
Bibliographische Detailangaben
Format: Buch
Sprache:Englisch
Veröffentlicht: Warsaw Central School of Planning and Statistics 1982
Tags: Tag hinzufügen
Keine Tags, Fügen Sie das erste Tag hinzu!

MARC

LEADER 00000nam a2200000 4500
001 c112824
005 20041019155154.0
041 0 |a eng 
044 |a PL 
245 1 0 |a Economic papers 13  |b special issue 
264 1 |a Warsaw  |b Central School of Planning and Statistics  |c 1982 
300 |a 258 s.